[Event "Finland Team Ch 2012-2013"]
[Site "Helsinki FIN"]
[Date "2012.09.29"]
[Round "1"]
[White "Kinnunen, Seppo"]
[Black "Ertbjerg, Per"]
[Result "1/2-1/2"]
[Section "II Division:2"]
[Board "1"]
[WhiteTeam "Etelä-Vantaan Shakki 3"]
[BlackTeam "Lauttasaaren Shakkikerho"]
[WhiteElo "1801"]
[BlackElo "2073"]

1.e4 c5 2.Nc3 Nc6 3.f4 d6 4.Bb5 Bd7 5.Nf3 e6 6.d3 Nf6 7.O-O a6 8.Bxc6
Bxc6 9.Qe1 Be7 10.Kh1 O-O 11.Ng5 h6 12.Nf3 Nd7 13.f5 exf5 14.exf5 Re8
15.Qg3 Kh8 16.Bf4 d5 (16...Nf6) 17.Qh3 Bf8 18.g4 d4 (18...Kg8 {-/+})
19.Ne4 Bxe4 20.dxe4 Rxe4 21.Ng5 Qe7 (21...Re7 22.Bd6 Kg8 23.Bxe7 Qxe7
{=}) 22.Nxe4 Qxe4+ 23.Qg2 1/2-1/2

[Event "Finland Team Ch 2012-2013"]
[Site "Helsinki FIN"]
[Date "2012.09.29"]
[Round "1"]
[White "Kauppala, Pekka"]
[Black "Pitkänen, Juhani"]
[Result "1/2-1/2"]
[Section "II Division:2"]
[Board "2"]
[WhiteTeam "Lauttasaaren Shakkikerho"]
[BlackTeam "Etelä-Vantaan Shakki 3"]
[WhiteElo "2097"]
[BlackElo "1779"]

1.e4 c5 2.Nf3 e6 3.b3 b6 4.Bb2 Bb7 5.Nc3 Nc6 6.d4 cxd4 7.Nxd4 a6 8.f4
d6 9.Nxc6 Bxc6 10.Qd4 Qc7 11.O-O-O b5 12.a4 bxa4 13.Nxa4 Nf6 14.e5
dxe5 15.fxe5 Nd7 16.Bd3 Be7 17.Qg4 g6 (17...O-O) 18.Rde1 (18.Be4) Rb8
19.Rhf1 Bb5 (19...Rb4! 20.Rf4 Nf6 21.Qh4 Nd5 22.Rxb4 Bxh4 23.Rxh4 Bb5
{-+}) 20.Rf3 Bxd3 21.Rxd3 Rb4 22.Qd1 Rb7 23.Re4 Rb4 24.Re2 Rb7 25.Re4
Rb4 1/2-1/2

[Event "Finland Team Ch 2012-2013"]
[Site "Helsinki FIN"]
[Date "2012.09.29"]
[Round "1"]
[White "Jokinen, Esko"]
[Black "Heikkinen, Jyrki"]
[Result "0-1"]
[Section "II Division:2"]
[Board "3"]
[WhiteTeam "Etelä-Vantaan Shakki 3"]
[BlackTeam "Lauttasaaren Shakkikerho"]
[WhiteElo "1733"]
[BlackElo "2063"]

1.d4 Nf6 2.Nc3 d5 3.e4 e6 4.exd5 exd5 5.Bd3 Bg4 6.f3 Bc8 7.Nge2 Bd6
8.Bg5 c6 9.Qd2 Nbd7 10.O-O-O O-O 11.Ng3 Qa5 12.Kb1 (12.Nf5! Qc7
(12...Bb4? 13.Bxf6 Nxf6 14.Nxg7 {+-})) Bb4 13.Nge2 b5 14.Qf4 (14.a3!)
Be7 15.g4?? (15.Ng3) b4 16.Bxf6 Bxf6 17.g5 Bd8 18.Ne4 dxe4 19.Qxe4 g6
20.h4 Qd5 21.Qe3 a5 22.h5 Qxg5 23.f4 Qe7 24.Qf3 Ba6 25.hxg6 fxg6
26.Qxc6 Bxd3 27.Rxd3 Ra7 28.Rdh3 Nf6 29.Qc4+ Rf7 30.f5 g5 31.Ng3 Rc7
32.Qd3 a4 33.R3h2 Qd6 34.Re2 Rcd7 35.Rd1 Bb6 36.c3 bxc3 37.bxc3 Rb7
38.Ka1 Qa3 39.c4?? Bxd4+ 40.Qxd4 Rfd7 41.Qg1 Qc3+ 0-1

[Event "Finland Team Ch 2012-2013"]
[Site "Helsinki FIN"]
[Date "2012.09.29"]
[Round "1"]
[White "Sobenin, Evgeny"]
[Black "Vuolle, Petri"]
[Result "1/2-1/2"]
[Section "II Division:2"]
[Board "2"]
[WhiteTeam "Lauttasaaren Shakkikerho"]
[BlackTeam "Etelä-Vantaan Shakki 3"]
[WhiteElo "1917"]
[BlackElo "1614"]

1.b3 Nf6 2.Bb2 c5 3.e3 Nc6 4.Bb5 Qb6 5.a4 a6 6.Be2 e5 7.f4 exf4 8.exf4
d5 9.Nf3 Be7 10.Ne5 Bf5 11.Nxc6 bxc6 12.a5 Qb7 13.O-O c4 14.Ba3 cxb3
15.cxb3 Bxa3 16.Rxa3 Rb8 17.Nc3 Qb4 18.Ra4 Qxb3 (18...Qc5+!) 19.Qxb3
Rxb3 20.Bxa6 O-O 21.Rfa1 Ra8 22.Bf1 Bd7 23.R4a3 1/2-1/2

[Event "Finland Team Ch 2012-2013"]
[Site "Helsinki FIN"]
[Date "2012.09.29"]
[Round "1"]
[White "Smeds, Tom"]
[Black "Siikonen, Timo"]
[Result "1/2-1/2"]
[Section "III Division:1"]
[Board "2"]
[WhiteTeam "Rikospoliisien Shakkikerho"]
[BlackTeam "Lauttasaaren Shakkikerho 2"]
[WhiteElo "1835"]
[BlackElo "1785"]

1.e4 e6 2.d3 d5 3.Nd2 dxe4 4.dxe4 Bc5 5.Ngf3 e5 6.Bc4 Nf6 7.O-O Nc6
8.c3 a5 9.Qe2 O-O 10.Nb3 Bb6 11.Be3 Bxe3 12.Qxe3 Qe7 13.a4 b6 14.Bd5
Bb7 15.Rfd1 Nd8 16.Bxb7 Nxb7 17.Nbd2 Nd6 18.c4 c5 19.b3 Rad8 20.Qg5
Rfe8 21.Re1 h6 22.Qh4 Qe6 23.h3 Nh7 24.Nf1 Nf8 25.Ng3 Ng6 26.Qg4 Qxg4
27.hxg4 Rd7 28.Rad1 Red8 29.Rd5 f6 30.Red1 Nf4 31.R5d2 Ne6 32.Nf5 Nd4
33.N3xd4 exd4 34.Nxd6 Rxd6 35.Rd3 1/2-1/2

[Event "Finland Team Ch 2012-2013"]
[Site "Helsinki FIN"]
[Date "2012.09.29"]
[Round "1"]
[White "Honkanen, Tuomo"]
[Black "Varjokallio, Matti"]
[Result "1/2-1/2"]
[Section "III Division:1"]
[Board "4"]
[WhiteTeam "Rikospoliisien Shakkikerho"]
[BlackTeam "Lauttasaaren Shakkikerho 2"]
[WhiteElo "1655"]
[BlackElo "1772"]

1.e4 Nf6 2.e5 Nd5 3.c4 Nb6 4.d4 d6 5.Bf4 Nc6 6.exd6 exd6 7.d5 Ne5
8.Nc3 Qf6 9.Bxe5 Qxe5+ 10.Be2 Bg4 11.Qc2 O-O-O 12.Rc1 Re8 13.b3 g6
14.h3 Qh5 (14...Bf5 15.Qd2 h5) 15.Ne4 Bxe2 16.Nxe2 Nd7 17.N2g3 Qh4
18.O-O f5 19.Nc3 f4 20.Rfe1 Bh6 21.Nge4 f3 22.Ng3 $2 (22.Rcd1) Bxc1
23.Qxc1 fxg2 24.Kxg2 Rhf8 25.Nce4 Ne5 26.Re3 Qf4 27.Qe1 Kd8 $6
(27...Nf3) 28.Qe2 (28.Qa5) b6 29.a4 Rf7 30.b4 $19 Nd7 $2 (30...g5)
31.Nxd6 Rxe3 32.Nxf7+ Ke7 33.fxe3 Qxf7 $14 1/2-1/2

[Event "Finland Team Ch 2012-2013"]
[Site "Helsinki FIN"]
[Date "2012.09.29"]
[Round "1"]
[White "Nazarova, Anastasia"]
[Black "Heimonen, Arto"]
[Result "0-1"]
[Section "III Division:2"]
[Board "1"]
[WhiteTeam "Espoon Shakkikerho 3"]
[BlackTeam "Lauttasaaren Shakkikerho 3"]
[WhiteElo "1831"]
[BlackElo "1626"]

1.e4 c5 2.Nf3 d6 3.c4 Nc6 4.d4 cxd4 5.Nxd4 Nf6 6.Nc3 e6 7.Be3 Be7
8.Be2 O-O 9.O-O a6 10.f3 Qc7 11.Qd2 b6 12.Rac1 Bb7 13.Rfd1 Rac8 14.Qe1
Ne5 15.b3 d5 16.cxd5 Bb4 17.Bd2 Bc5 18.Qf2 exd5 19.exd5 Nxd5 20.Nxd5
Bxd5 21.Be3 (21.b4! {+/-}) Qe7?? 22.Nf5 Qe6 23.Bxc5 bxc5 24.Rxd5 Qxf5
25.f4 Rfd8 26.Rxe5 Qd7 27.Bxa6 Ra8 28.Bc4 Kf8 29.Qxc5+ Kg8 30.Qf2 g6
31.Rce1 Qg4 32.h3 (32.Bxf7+! {+-}) Qc8 33.Re7 Rd7 34.Qb2?? (34.Bxf7+ {+-})
Rxe7 35.Rf1 Qc5+ 36.Kh2 Rae8 37.f5 Qd6+ 38.g3 Re3 39.Rf4 Rxg3
(39...g5) 40.fxg6?? Qxf4 41.Bxf7+ Kf8 42.Qh8+ Ke7 43.Qxe8+ Kf6 44.Qd8+
Kf5?? (44...Kg7 {-+}) 45.Qc8+?? (45.Be6+! Kxe6 46.Qe8+ {=}) Kg5 46.Qd8+
Kh5 47.gxh7+ Rg6+ 48.Kh1 Qf1+ 0-1

[Event "Finland Team Ch 2012-2013"]
[Site "Helsinki FIN"]
[Date "2012.09.29"]
[Round "1"]
[White "Jalas, Aaro"]
[Black "Mikkonen, Harri"]
[Result "1/2-1/2"]
[Section "III Division:2"]
[Board "2"]
[WhiteTeam "Lauttasaaren Shakkikerho 3"]
[BlackTeam "Espoon Shakkikerho 3"]
[WhiteElo "1505"]
[BlackElo "1525"]

1.f4 Nf6 2.Nf3 Nc6 3.d4 d5 4.e3 Bd7 5.Be2 e6 6.O-O Bd6 7.c4 dxc4
8.Bxc4 Ne7 9.Nc3 c6 10.e4 Bb4 11.Bd3 Ng6 12.e5 (12.Qb3) Nd5 13.Nxd5
(13.Ne4! Ngxf4?? 14.Bxf4 Nxf4 15.Nfg5 Nxd3 16.Qxd3 {+-}) exd5 14.f5 Nh4
15.f6 (15.Ng5! {+-}) Nxf3+ 16.Qxf3 gxf6 17.exf6 (17.a3! {+-}) Be6 18.a3
Bd6 19.Bf4 Qc7 20.Bxd6 Qxd6 21.b4 (21.Bf5!) Kd7 22.Bf5 Rae8 23.Rae1
Kc7 24.Bxe6 Rxe6 25.Rxe6 Qxe6 26.Qf4+ Kd7 27.Qf5 Qxf5 28.Rxf5 Ke6
29.Rf4 h5 30.Kf2 Rh6 31.Kf3 Rg6 32.h3 b6 33.g4 hxg4+ 34.Rxg4 Rxf6+
35.Rf4 Rg6 36.Kf2 f6 37.h4 Kd6 38.h5 Rh6 39.Rh4 Ke6 40.Kf3 Kf5 41.a4
Kg5 42.Rh3 Rxh5 43.Rxh5+?? Kxh5 44.Kf4 Kg6 45.b5 cxb5 46.axb5 Kf7
47.Kf5 Ke7 48.Kf4 Ke6 49.Kg4 f5+?? 50.Kg5 f4 51.Kxf4 Kf6 1/2-1/2

[Event "Finland Team Ch 2012-2013"]
[Site "Helsinki FIN"]
[Date "2012.09.29"]
[Round "1"]
[White "Nazarov, Boris"]
[Black "Laakso, Mikko"]
[Result "1/2-1/2"]
[Section "III Division:2"]
[Board "3"]
[WhiteTeam "Espoon Shakkikerho 3"]
[BlackTeam "Lauttasaaren Shakkikerho 3"]
[WhiteElo "1504"]
[BlackElo "1499"]

1.e4 c5 2.b3 Nc6 3.Bb2 d6 4.g3 Nf6 5.d4 cxd4 6.Bxd4 Nxe4 7.Qd3 Nxd4
8.Qxd4 Nf6 9.Bg2 g6 10.Nd2 Bg7 11.Rd1 O-O 12.Ne2 Qc7 13.c4 e5 14.Qe3
Bf5 15.h3 Rfe8 16.g4 Be6 17.Nc3 a6 18.Nde4 Nxe4 19.Nxe4 Rad8 20.Ng5??
Qa5+ (20...Bh6 {-+}) 21.Qd2 Qxd2+ 22.Rxd2 b6 23.Nxe6 fxe6 24.Ke2 Kf7
25.Rhd1 Bf8 26.Bc6 Re7 27.Rxd6 Rxd6 28.Rxd6 Rc7 29.Be8+ (29.Rd7+) Kxe8
30.Rxe6+ Kd7 31.Rxb6 Rc6 32.Rb7+ Rc7 33.Rxc7+ Kxc7 34.Kd3 Bc5 35.f3
Kd6 36.Ke4 Ke6 1/2-1/2

[Event "Finland Team Ch 2012-2013"]
[Site "Helsinki FIN"]
[Date "2012.10.27"]
[Round "2"]
[White "Ertbjerg, Per"]
[Black "Kiviaho, Allan"]
[Result "0-1"]
[Section "II Division:2"]
[Board "1"]
[WhiteTeam "Lauttasaaren Shakkikerho"]
[BlackTeam "Helsingin Shakkiklubi 3"]
[WhiteElo "2067"]
[BlackElo "2055"]

1.d4 Nf6 2.c4 e6 3.Nc3 Bb4 4.Qc2 O-O 5.a3 Bxc3+ 6.Qxc3 b6 7.Bg5 Bb7
8.f3 d5 9.e3 Nbd7 10.Nh3 Rc8 11.c5 c6 12.Bd3 Re8 13.O-O e5 14.Bf5 h6
15.Bxd7 (15.Bxf6 gxf6 16.cxb6 axb6 17.Qe1) Qxd7 16.dxe5 (16.Bxf6) d4
(16...Nh5) 17.Qxd4 hxg5 18.exf6 Qxd4 19.exd4 gxf6 20.Rfe1 Red8 21.Re7
Rb8 22.Rae1 (22.Nf2) Kg7 23.Nf2 Bc8 24.Rxa7 bxc5 25.dxc5 (25.Ree7)
Rxb2 26.Ne4 Rd3 27.Kf1 Kg6 28.Re2 Rd1 29.Kf2 Rbb1 30.g4 (30.Ra8! Be6
31.Rg8+ Kh6 32.Nxf6 {+/-}) Be6 31.Ra8 Kg7 32.a4 Bc4 33.Rd2 Rh1?? 34.Ke3?
(34.Rdd8 Rxh2+ 35.Ke3 Rh7 36.Rg8+ Kh6 37.Nxf6 Rg7 38.Rh8+ Kg6 39.Ng8
Rh7 40.Ne7+ Kf6 41.Rxh7 {+-}) Rb3+ 35.Kd4 Bd5 36.a5? (36.Ng3) Rxf3
37.Ng3 Rc1 38.Nf5+ Kh7 39.Ne3 Rf4+? (39...Ra1 40.Rd3 Be4! 41.Rc3 Rf4
{-+}) 40.Kd3 Rxc5 41.Rb2 Be4+ 42.Ke2 Rb5 43.Rxb5 cxb5 44.Rb8 b4 45.a6
Bf3+ 46.Kd3 b3 47.Rxb3 Ra4 48.Rb6 Kg6 49.h3 Ra2 50.Kd4 Be2 51.Nc4 Ra4
52.Rc6 Bxc4 53.Rxc4 Rxa6 54.Rc3 Re6 55.Rf3 Ra6 56.Kd5 Ra4 57.Kc5 Rf4
58.Rc3 f5 59.gxf5+ Kxf5 60.Rb3 Rf1 61.Rd3 Re1 62.Rf3+ Kg6 63.Kd4 f5
64.Kd3 Ra1 65.Ke2 Ra5 66.Kf2 Kh5 67.Kg3 f4 68.Kg2 Ra2+ 69.Kf1 Kh4
70.Kg1 Re2 71.Kh1 Re3 72.Rf2 Rxh3+ 73.Kg1 Kg4 74.Kf1 0-1

[Event "Finland Team Ch 2012-2013"]
[Site "Helsinki FIN"]
[Date "2012.10.27"]
[Round "2"]
[White "Aaltio, Erkki"]
[Black "Heikkinen, Jyrki"]
[Result "1-0"]
[Section "II Division:2"]
[Board "2"]
[WhiteTeam "Helsingin Shakkiklubi 3"]
[BlackTeam "Lauttasaaren Shakkikerho"]
[WhiteElo "2035"]
[BlackElo "2066"]

1.d4 Nf6 2.c4 e5 3.dxe5 Ne4 4.a3 Nc6 5.Nf3 d6 6.Qc2 d5 7.cxd5 Qxd5
8.Nc3 Nxc3 9.Qxc3 Bg4 10.Bf4 Rd8 11.h3 Bxf3 12.gxf3 Bc5 13.Bg2?
(13.e3) Bd4 14.Qc2 Qa5+ 15.Kf1 O-O 16.Rb1 Nxe5 17.e3 Bb6 (17...Nc6
18.exd4? Nxd4 19.Qxc7 Qf5 20.Re1 Ne6 {-/+}) 18.Bxe5 Qxe5 19.f4 Qa5
20.Be4 f5 (20...Rd2!) 21.Bd3 Kh8 22.Rd1 Qd5 23.Ke2 (23.Rg1 Bxe3!
24.fxe3 Qf3+ {=}) c6 (23...Bxe3! 24.Kxe3 Rfe8+ 25.Kd2 Re6 26.Rhe1 Rc6
27.Qb1 Qg2 28.Re2 h6 29.Rg1 Rxd3+! 30.Qxd3 Qxg1 31.Re8+ Kh7 32.Qxf5+
Qg6 {=}) 24.Rhg1 Qe6 25.Rg5 g6 26.h4 Rde8 27.Qc3+ Qf6 28.h5 Bd4?
(28...Qxc3) 29.Qb3 Qg7 30.Rh1 Bf6 31.Rxg6 Qd7 32.Rg3 b5 33.Rhg1 a6
34.Qc2 Qd4 35.b3 Qxf4 36.Rf3 Qe5 37.Rxf5 Qb2 38.a4 Qxc2+ 39.Bxc2 Bh4
40.Rxf8+ Rxf8 41.f4 Rd8 42.Rd1 Rxd1 43.Kxd1 Kg7 44.Ke2 Kh6 45.Kf3 Kxh5
46.Bxh7 Kh6 47.Bd3 Kg7 48.e4 Bd8 (48...Be1) 49.e5 Bc7 50.Ke4 Kf7
51.Be2 Bb8 52.f5 Bc7 53.Bh5+ Ke7 54.f6+ Ke6 55.Bg4+ Kf7 56.Kf5 Bd8
57.e6+ Kf8 58.Be2 Kg8 59.Bf3 c5 60.Bc6 Kf8 61.axb5 axb5 62.Bxb5 1-0

[Event "Finland Team Ch 2012-2013"]
[Site "Helsinki FIN"]
[Date "2012.10.27"]
[Round "2"]
[White "Vesely, Petr"]
[Black "Bicer, Sena"]
[Result "1-0"]
[Section "II Division:2"]
[Board "3"]
[WhiteTeam "Lauttasaaren Shakkikerho"]
[BlackTeam "Helsingin Shakkiklubi 3"]
[WhiteElo "1950"]
[BlackElo "1924"]

1.c4 c5 2.Nc3 Nf6 3.g3 Nc6 4.Bg2 g6 5.e3 Bg7 6.Nge2 O-O 7.O-O d6 8.b3
Bd7 9.Bb2 Rb8 10.d4 a6 11.Qd2 b5 12.cxb5 axb5 13.Rfc1 (13.dxc5 dxc5
14.Nd5) Qb6 (13...c4) 14.dxc5 dxc5 15.Nd5 Nxd5 16.Bxg7 Kxg7 17.Qxd5
Rfd8 18.Qxc5 Qxc5 19.Rxc5 Rb6 20.Rd1 Bg4 21.Rxd8 Nxd8 22.Nd4 b4 23.h3
Bd7 24.Rc7 Rd6 25.f4 (25.Nc2) Ne6 26.Nxe6+ Bxe6 27.Rc2 Rd1+ 28.Kf2 Ra1
29.e4 h5 30.Ke3 Rd1 31.Bf3 Rd7 32.g4 hxg4 33.hxg4 f6 34.Be2 Ra7 35.f5
gxf5 36.gxf5 Bf7 37.Bc4 Rd7 38.Rg2+ Kf8 39.Rd2 Ra7 40.Kd3 Kg7 41.Rg2+
Kf8 42.Bxf7 Kxf7 43.Kc4 Rb7 44.Rh2 Ke8 45.Rh8+ Kd7 46.Ra8 e6 47.Ra4
exf5 48.exf5 Kd6 49.Rxb4 Rh7 50.Rb5 Kc6 51.a4 Rh5 52.Kb4 Rh4+ 53.Ka5
Rh8 54.Rb6+ Kd5 55.Rxf6 Ke5 56.Re6+ Kxf5 57.Re1 Ra8+ 58.Kb4 Rb8 59.Ka3
Rh8 60.a5 Rh3 61.Ka4 Rh2 62.a6 1-0

[Event "Finland Team Ch 2012-2013"]
[Site "Helsinki FIN"]
[Date "2012.10.27"]
[Round "2"]
[White "Wigelius, Pentti"]
[Black "Varho, Ilkka"]
[Result "1/2-1/2"]
[Section "II Division:2"]
[Board "5"]
[WhiteTeam "Lauttasaaren Shakkikerho"]
[BlackTeam "Helsingin Shakkiklubi 3"]
[WhiteElo "1916"]
[BlackElo "1844"]

1.e4 e5 2.Nf3 Nf6 3.d3 Nc6 4.Nc3 d6 5.Be2 Be7 6.O-O O-O 7.h3 h6 8.Be3
Nh7 9.Nd5 f5 10.exf5 Bxf5 11.d4 e4 12.Nh2 Nf6 13.Nxe7+ Nxe7 14.Bg4
Bxg4 15.Nxg4 Kh7 16.c3 Qd7 17.Bd2 c6 18.Nxf6+ Rxf6 19.Qg4 Qe6 20.Rae1
d5 21.Re2 Qxg4 22.hxg4 Ng6 23.g3 Raf8 24.g5 hxg5 25.Bxg5 Rf5 26.Be3
R8f7 27.Kg2 Nf8 28.Rh1+ Kg6 29.Ree1 Nd7 30.Rh4 Rh5 31.Reh1 Nf6 32.Rxh5
Nxh5 33.Rh4 Rf3 34.Rg4+ Kf7 35.Rg5 Nf6 1/2-1/2

[Event "Finland Team Ch 2012-2013"]
[Site "Helsinki FIN"]
[Date "2012.10.27"]
[Round "2"]
[White "Keinänen, Toivo"]
[Black "Piippo, Mikko"]
[Result "0-1"]
[Section "III Division:1"]
[Board "1"]
[WhiteTeam "Matinkylän Shakkikerho 6"]
[BlackTeam "Lauttasaaren Shakkikerho 2"]
[WhiteElo "1479"]
[BlackElo "1784"]

1.e4 Nf6 2.Nc3 e5 3.Nf3 Nc6 4.Bc4 Bc5 5.d3 O-O 6.O-O d6 7.Na4 Bb6
8.Nxb6 axb6 9.Bg5 Na5 10.Bb3 Nxb3 11.axb3 Rxa1 12.Qxa1 h6 13.Bh4 g5
14.Bg3 Be6 15.Qc1 Nh5 16.d4 Nxg3 17.fxg3 exd4 18.Nxd4 Qe7 19.Nf5 Bxf5
20.exf5 Re8 21.Qd2 Qe5 22.Qc3 Qxc3 23.bxc3 b5 24.Kf2 Kg7 25.Re1?
(25.g4) Rxe1 26.Kxe1 Kf6 (26...h5) 27.g4 Ke5 28.Ke2 Kf4 29.h3 Kg3
30.Kf1 b6 31.c4?? (31.Kg1) bxc4 32.bxc4 Kf4 33.Kf2 Ke4 34.Kg3 Kd4
35.h4 Kxc4 36.Kf3 d5 37.Ke2 Kc3 38.Ke3 c5 0-1

[Event "Finland Team Ch 2012-2013"]
[Site "Helsinki FIN"]
[Date "2012.10.27"]
[Round "2"]
[White "Siikonen, Timo"]
[Black "Willman, Ilari"]
[Result "0-1"]
[Section "III Division:1"]
[Board "2"]
[WhiteTeam "Lauttasaaren Shakkikerho 2"]
[BlackTeam "Matinkylän Shakkikerho 6"]
[WhiteElo "1788"]
[BlackElo "1511"]

1.e4 c5 2.f4 d6 3.Nf3 Nf6 4.Nc3 g6 5.Bb5+ Bd7 6.Bxd7+ Nfxd7 7.O-O Bg7
8.d3 Nc6 9.Bd2 a6 10.f5 O-O 11.Ng5 Nf6 12.fxg6 hxg6 13.Qf3 Nd4 14.Qh3
Qc8 15.Qxc8 Raxc8 16.Rac1 b5 17.Rfe1 e6 18.Ne2 Nxe2+ 19.Rxe2 Nd7 20.b3
b4 21.Nf3 Nb6 22.Bf4 Rfd8 23.e5 d5 24.Be3 a5 25.Ra1 Bf8 26.a3 Ra8
27.Ree1 Rdb8 28.a4 Rc8 29.Rac1 Rab8 30.c4?? bxc3 31.Rxc3 d4 0-1

[Event "Finland Team Ch 2012-2013"]
[Site "Helsinki FIN"]
[Date "2012.10.27"]
[Round "2"]
[White "Turtiainen, Kimmo"]
[Black "Laurikainen, Janne"]
[Result "1-0"]
[Section "III Division:1"]
[Board "4"]
[WhiteTeam "Lauttasaaren Shakkikerho 2"]
[BlackTeam "Matinkylän Shakkikerho 6"]
[WhiteElo "1763"]
[BlackElo "1421"]

1.e4 c6 2.d4 d5 3.Nd2 dxe4 4.Nxe4 Bf5 5.Ng3 Bg6 6.Nf3 Nd7 7.Bd3 Bxd3
8.Qxd3 Qc7 9.O-O Ngf6 10.a4 e6 11.Bd2 Bd6 12.Kh1 h5 13.Rfe1 h4 14.Nf5
O-O-O 15.Nxd6+ Qxd6 16.h3 Nd5 17.Ng5 Rdf8 18.Ne4 Qc7 19.b4 f5?
(19...Kb8) 20.Ng5 e5 21.Ne6 Qd6 22.Nxf8 e4 23.Qc4 Nxf8 24.b5 Ne6 25.a5
g5 26.a6 b6 27.Bc1 (27.bxc6) g4?? (27...Ndc7) 28.Ba3 Qc7 29.bxc6 Nef4
30.Re3? gxh3 31.gxh3 Rg8 32.Qf1 Kb8 33.c4?? Nxe3 34.fxe3 Nh5 35.Qf2
Ng3+ 36.Kg2 Qxc6? (36...f4 37.exf4 Nh5+ 38.Kf1 Rg3 {-+}) 37.Qf4+ Kc8
38.Kh2 Qa4 39.Qf2 Qxa6 40.Bb2 Qb7 41.d5 Kd7? (41...Qc7 {-/+}) 42.Be5 a5
43.Qf4 Rg6?? (43...Re8 {+/-}) 44.Qxh4 f4 45.Qh7+ Kc8 46.Qxg6 Qe7 47.Qc6+
Kd8 48.Bf6 1-0

[Event "Finland Team Ch 2012-2013"]
[Site "Helsinki FIN"]
[Date "2012.10.27"]
[Round "2"]
[White "Kivimäki, Kasper"]
[Black "Varjokallio, Matti"]
[Result "1/2-1/2"]
[Section "III Division:1"]
[Board "5"]
[WhiteTeam "Matinkylän Shakkikerho 6"]
[BlackTeam "Lauttasaaren Shakkikerho 2"]
[WhiteElo "1311"]
[BlackElo "1785"]

1.d4 d5 2.c4 Nc6 3.e3 dxc4 4.Bxc4 e6 5.Nf3 Nf6 6.a3 Bd6 7.Nc3 O-O
8.O-O e5 9.d5 Ne7 10.e4 h6 11.h3 Bd7 12.b4 c6 13.Bb2 cxd5 14.Nxd5
Nfxd5 15.Bxd5 Nxd5 16.Qxd5 Bc6 17.Qd3 f6?? (17...Bc7) 18.b5? (18.Rfd1
{+-}) Be8 19.a4 Qe7 (19...Be7) 20.Nh4 Rd8?? (20...g6) 21.Rfd1? (21.Nf5
Qc7 22.Rac1 Qb8 23.Rfd1 Bc7 24.Qg3 {+-}) Bc7 22.Qa3 Rxd1+ 23.Rxd1 Qxa3
24.Bxa3 Rf7 25.Nf5 Rd7 26.Rd5 h5 27.g4 g6 28.Ne3 Kf7 29.Bc5 hxg4
30.hxg4 b6 31.Bb4 Ke6 32.f3 Bd6 33.Bc3 Bc5 34.Kf2 Bxe3 (34...Rxd5!
35.exd5+ Kd6 36.Ke2 g5) 35.Kxe3 Rxd5 36.exd5+ Kxd5 37.Kd3 Kc5 38.Bd2
Bf7 39.Kc3 Bd5 (39...g5) 40.f4 e4 41.Be3+ Kd6 42.g5 f5 1/2-1/2

[Event "Finland Team Ch 2012-2013"]
[Site "Helsinki FIN"]
[Date "2012.10.27"]
[Round "2"]
[White "Haggren, Stig-Olof"]
[Black "Järvinen, Seppo"]
[Result "1-0"]
[Section "III Division:2"]
[Board "1"]
[WhiteTeam "Itä-Helsingin Shakkikerho 2"]
[BlackTeam "Lauttasaaren Shakkikerho 3"]
[WhiteElo "1882"]
[BlackElo "1596"]

1.e4 e5 2.Nf3 Nc6 3.Bb5 d6 4.d4 exd4 5.Qxd4 Bd7 6.Bxc6 Bxc6 7.Nc3 Qd7
8.Bf4 f6 9.O-O-O b6 10.Qc4 Ne7 11.e5 (11.Nd4 O-O-O 12.Nd5 Bb7 13.Ne6
{+/-}) d5 (11...Bxf3) 12.Qe2 O-O-O 13.exf6 (13.e6) gxf6 14.Nd4 Ng6
15.Bg3 Bd6 16.Bxd6 Qxd6 17.Ncb5 (17.Qa6+ Bb7 18.Qxa7 {+/-}) Bxb5 18.Qxb5
Kb7 19.Rhe1 c6 20.Qd3 Ne5 21.Qf5 Nc4 22.c3 (22.Re6! Qb4 23.Nb3 {+/-})
Rhe8 23.Ne6 Rc8 24.Qxf6 Qxh2?? 25.Rh1? (25.b3 Na5 26.Rh1 Qxg2 27.Qf7+
Ka6 28.Rxh7 {+-}) Rxe6 26.Qf7+?? (26.Qxe6 Qf4+ 27.Kb1 Qxf2 28.Qe7+ Rc7
29.Qb4 h5 {-/+}) (26.Qf7+?? Rc7 27.Rxh2 (27.Qxe6?? Qf4+ 28.Qe3 Nxe3 {-+})
Rxf7 {-+}) 1-0

[Event "Finland Team Ch 2012-2013"]
[Site "Helsinki FIN"]
[Date "2012.11.17"]
[Round "3"]
[White "Nurmela, Janne"]
[Black "Ertbjerg, Per"]
[Result "1-0"]
[Section "II Division:2"]
[Board "1"]
[WhiteTeam "Käpylän Shakkikerho 2"]
[BlackTeam "Lauttasaaren Shakkikerho"]
[WhiteElo "1839"]
[BlackElo "2057"]

1.e4 c5 2.Nf3 Nc6 3.Nc3 d6 4.Bc4 e6 5.d3 Nf6 6.a3 Be7 7.Bg5 h6 8.Bh4
O-O 9.O-O a6 10.Re1 b5 11.Bb3 Bb7 12.h3 Rc8 13.Rc1 Qb6 14.Nd2 Nd4
15.Ba2 Rfe8 16.Ne2 Nxe4? (16...Nc6) 17.Bxe7 Nxf2 18.Kxf2 Qc6?
(18...Nf5) 19.Rg1 Rxe7 20.Nxd4 cxd4 21.Qg4 e5 22.Ne4 d5? (22...Kh8)
23.Ng3 (23.Bxd5! {+-}) f5 24.Nxf5 Rf8 25.Ke2 Ref7 26.Bxd5 Qxd5 27.Nxh6+
Kh8 28.Nxf7+ Rxf7 29.Rgf1 Rxf1 30.Rxf1 Kg8 31.Qf3 Qc5 32.Qf7+ Kh7
33.Kd2 Bxg2 34.Rf5 1-0

[Event "Finland Team Ch 2012-2013"]
[Site "Helsinki FIN"]
[Date "2012.11.17"]
[Round "3"]
[White "Kauppala, Pekka"]
[Black "Akkanen, Timo"]
[Result "1-0"]
[Section "II Division:2"]
[Board "2"]
[WhiteTeam "Lauttasaaren Shakkikerho"]
[BlackTeam "Käpylän Shakkikerho 2"]
[WhiteElo "2090"]
[BlackElo "1780"]

1.d4 Nf6 2.g3 g6 3.Bg2 Bg7 4.e4 d6 5.Nc3 O-O 6.f4 e5 7.dxe5 dxe5
8.Qxd8 Rxd8 9.fxe5 Ng4 10.Nd5 Na6 11.Bg5 Re8 12.Nf6+ Bxf6 13.exf6 Nb4
14.h3? Nxc2+ 15.Kd2 Nxa1 16.hxg4 Bxg4 17.Nf3 Rad8+ 18.Kc3 a5?
(18...Re6 19.Rxa1 Bxf3 20.Bxf3 Rc6+ 21.Kb4 Rd4+ {-+}) 19.Rxa1 Bxf3
20.Bxf3 Re5 21.Be3 Re6 22.e5 Rxe5 23.Bd4 Rg5 24.g4 b5 25.Re1 c5 26.Bf2
c4 27.Re4 h5 28.Be3 Rd3+ 29.Kc2 hxg4 30.Bxg5 gxf3 31.Be3 Rd5 32.Rf4
Rf5?? (32...Kh7 {+/=}) 33.Rxf5 gxf5 34.Kd2 Kf8 35.Bb6 a4 36.Ke3 a3
37.Bc5+ Ke8 38.Bxa3 Kd7 39.Kxf3 Ke6 40.Be7 Ke5 41.Ke3 Kd5 42.Bb4 Ke5
43.Bc3+ Kd5 44.Kf4 Kc5 45.a3 1-0

[Event "Finland Team Ch 2012-2013"]
[Site "Helsinki FIN"]
[Date "2012.11.17"]
[Round "3"]
[White "Ahokas, Heikki"]
[Black "Heikkinen, Jyrki"]
[Result "1-0"]
[Section "II Division:2"]
[Board "3"]
[WhiteTeam "Käpylän Shakkikerho 2"]
[BlackTeam "Lauttasaaren Shakkikerho"]
[WhiteElo "1756"]
[BlackElo "2055"]

1.g3 e5 2.Bg2 d5 3.b4 c6 (3...Bxb4) 4.Bb2 Bd6 5.Nf3 e4?? (5...Qe7)
6.Bxg7 exf3 7.exf3 f6 8.O-O? (8.Bxh8 {+-}) Kf7 9.Bxh8 Ne7 10.Bxf6 Kxf6
11.a3 a5 12.Nc3 Kf7 13.b5 d4? (13...Nd7 {+/-}) 14.Ne4 cxb5 15.f4 Kg7
16.Qh5 Bc7 17.Ng5 Qg8 18.Rfe1 Ng6 19.Re8! (19.Bd5!) Qxe8 20.Qxh7+ Kf8
21.Qh6+ Ke7 22.Qg7+ Kd8 23.Nf7+ Ke7 24.Re1+ Be6 25.Ng5+ 1-0

[Event "Finland Team Ch 2012-2013"]
[Site "Helsinki FIN"]
[Date "2012.11.17"]
[Round "3"]
[White "Vesely, Petr"]
[Black "Marttila, Olli"]
[Result "1-0"]
[Section "II Division:2"]
[Board "4"]
[WhiteTeam "Lauttasaaren Shakkikerho"]
[BlackTeam "Käpylän Shakkikerho 2"]
[WhiteElo "1966"]
[BlackElo "1707"]

1.c4 e5 2.Nc3 Nf6 3.g3 d5 4.cxd5 Nxd5 5.Bg2 Be6 6.d3 c6 7.Nf3 f6 8.O-O
Bb4 9.Bd2 Na6 10.Ne4 Bxd2 11.Qxd2 Qd7 12.a3 Bh3? (12...Rd8) 13.Qa5
(13.Bxh3! Qxh3 14.Nd6+ Kf8 15.Nxb7 {+/-}) Bxg2 14.Kxg2 Kf7 15.d4 exd4
16.Rad1 h5 17.h4 Rad8 18.Rxd4 Kg6 19.Rfd1 Rhe8 20.Nc3 Qe6? (20...Qc7)
21.Nxd5 cxd5 22.e3 Qc6 23.Rxd5 Rxd5 24.Qxd5 Rc8 25.Qd3+ Kh6 26.Qd7
Qxd7 27.Rxd7 Rc7 28.Rd2 Nc5 29.Nd4 a5 30.Nb5 Rd7 31.Nd4 g5? (31...Kg6)
32.b4 axb4 33.axb4 Kg6 34.bxc5 gxh4 35.gxh4 Rd5 36.Rc2 f5 37.Ne6 Kh6
38.Rb2 Rd7 39.Rb6 Kh7? 40.Nf8+ 1-0

[Event "Finland Team Ch 2012-2013"]
[Site "Helsinki FIN"]
[Date "2012.11.17"]
[Round "3"]
[White "Jalo, Pentti"]
[Black "Wigelius, Pentti"]
[Result "1/2-1/2"]
[Section "II Division:2"]
[Board "5"]
[WhiteTeam "Käpylän Shakkikerho 2"]
[BlackTeam "Lauttasaaren Shakkikerho"]
[WhiteElo "1572"]
[BlackElo "1913"]

1.b4 e5 2.a3 Nf6 3.Bb2 d6 4.e3 Be7 5.Be2 O-O 6.c4 Nbd7 7.Nc3 Re8 8.Qc2
a5 9.Nf3 axb4 10.axb4 Rxa1+ 11.Bxa1 c6 12.O-O Nf8 13.d4 exd4 14.Nxd4
Ng6 15.Nf5 Bf8 16.Bf3 Ne5 17.Be2 Be6 18.Ne4? (18.Na4) Bxf5 19.Nxf6+
Qxf6 20.e4 Bxe4 (20...Bg6! 21.f4 Qh4 22.g3 Qh6 23.fxe5 dxe5 {-/+})
21.Qxe4 Qg6 22.Qxg6 Nxg6 23.Bf3 Ne5 24.Bxe5 Rxe5 25.g3 g6 26.Rd1 Kg7
27.Rb1 Be7 28.b5 Rc5 29.bxc6 bxc6 30.Rb6 Rxc4 31.Bxc6 Rc5 32.Bf3 h5
33.h4 Ra5 34.Rb1 Kf6 35.Rd1 Rc5 36.Bd5 Bf8 37.Rd3 Kg7 38.Kg2 Ra5
39.Kf3 Be7 40.Ke2 Rc5 1/2-1/2

[Event "Finland Team Ch 2012-2013"]
[Site "Helsinki FIN"]
[Date "2012.11.17"]
[Round "3"]
[White "Lehtinen, Tero"]
[Black "Piippo, Mikko"]
[Result "1-0"]
[Section "III Division:1"]
[Board "1"]
[WhiteTeam "Espoon Shakkikerho 2"]
[BlackTeam "Lauttasaaren Shakkikerho 2"]
[WhiteElo "1925"]
[BlackElo "1790"]

1.d4 f5 2.Nf3 Nf6 3.Bf4 d6 4.e3 g6 5.Nbd2 Bg7 6.Bc4 Nc6 7.c3 d5 8.Be2
O-O 9.h4 Qe8? (9...Nh5) 10.Bxc7 Ne4 11.Qb3 e6 12.Ng5 (12.Bf4) h6
13.Ngxe4 fxe4 14.f3 Qf7 15.Bd6 Rd8 16.Bg3 exf3 17.O-O Qe7 (17...e5)
18.Rxf3 Bf6? 19.Qc2 Qg7 20.Raf1 Rf8 21.Bd6 Rf7 22.Be5 1-0